larulp plurale / (Record no. 1135)

MARC details
000 -LEADER
campo de control de longitud fija 00558nam a22001817a 4500
008 - DATOS DE LONGITUD FIJA--INFORMACIÓN GENERAL
campo de control de longitud fija 170204s2013 gt||||| |||| 00| 0 spa d
082 04 - NÚMERO DE LA CLASIFICACIÓN DECIMAL DEWEY
Número de clasificación 861
Número de ítem M233p
100 1# - ENTRADA PRINCIPAL--NOMBRE DE PERSONA
Nombre de persona Majano, David.
9 (RLIN) 5718
245 10 - MENCIÓN DEL TÍTULO
Título larulp plurale /
Mención de responsabilidad, etc. David Majano ; traducción por Daniela Volpe.
250 ## - MENCION DE EDICION
Mención de edición 1a ed. 1a reimpr.
260 ## - PUBLICACIÓN, DISTRIBUCIÓN, ETC.
Lugar de publicación, distribución, etc. Guatemala :
Nombre del editor, distribuidor, etc. Ediciones Bizarras,
Fecha de publicación, distribución, etc. 2013.
300 ## - DESCRIPCIÓN FÍSICA
Extensión 44 p.
Otras características físicas il.
653 10 - TÉRMINO DE INDIZACIÓN--NO CONTROLADO
Término no controlado Literatura
653 10 - TÉRMINO DE INDIZACIÓN--NO CONTROLADO
Término no controlado Poesía - Guatemala
653 10 - TÉRMINO DE INDIZACIÓN--NO CONTROLADO
Término no controlado Arte - Poesía
653 10 - TÉRMINO DE INDIZACIÓN--NO CONTROLADO
Término no controlado Literatura Latinoamericana
700 1# - ENTRADA AGREGADA--NOMBRE PERSONAL
Nombre de persona Volpe, Daniela.
Término indicativo de función/relación traductora.
9 (RLIN) 5719
Holdings
Estatus retirado Estado de pérdida Fuente del sistema de clasificación o colocación Estado de daño No para préstamo Biblioteca de origen Biblioteca actual Ubicación en estantería Fecha de adquisición Total de préstamos Signatura topográfica completa Código de barras Visto por última vez Precio de reemplazo Tipo de ítem Koha
    Clasificación Decimal Dewey     Biblioteca LadoV Biblioteca LadoV   04/02/2017   861 M233p 004265 04/02/2017 04/02/2017 Material 01